01117nam a2200241 a 4500001001000000003000900010005001700019008004100036040002500077082002300102100005000125245011000175260003900285300001700324500003200341651009900373700003100472910003800503942001400541952019400555952010900749999001700858000033707DO-SdBNP20250318151152.0110906s1876 dr 000 0 spa d aDO-SdBNPbspacBNPHU 4a970.016bL217c2221 aLamartine, M. Alonso de 959158d1790-186910aCristóbal Colón :bdescubrimiento de las Américas /cM. Alonso de Lamartine ; ed. Urbano Manini.  aMadrid :bAdministración,c1876. av. ;c23 cm. aLa biblioteca posee el v. 2 0aAmérica --xDescubrimiento y exploración --xEspañoles9544vEnsayo, conferencias, etc.1 aManini, Urbanoeed.959159 aValidado. Control de calidad MFF 2ddccLBS1 00102ddc51728RVaBNPHUbPDcHDd2011-09-06iLF1l0o BNPHU PD-RV 970.016 L217cp33707-10r2020-06-25tv.2w2020-06-25yLBS1zPerteneció a la biblioteca personal de Julio Ortega Frier 00112ddc51728RVaPDbPDcMId2011-09-14iLF1l0o p33707-20r2020-06-25tv.2, e.2w2020-06-25yLBS1 c33198d33198